| 000 | 00819nam a2200253 a 4500 | ||
|---|---|---|---|
| 001 | 000022925 | ||
| 005 | 20200930021856.0 | ||
| 008 | 101123s1996 mx r 000 f spa d | ||
| 020 | _a968298758X | ||
| 040 |
_aDO-SdBNP _bspa _cBNPHU |
||
| 082 |
_aMe863.44 _bB436s |
||
| 100 | 1 |
_aBellatín, Mario, _d1960- _947133 |
|
| 245 | 1 | 0 |
_aSalón de belleza / _cMario Bellatín. |
| 260 |
_aMéxico : _bEdiciones del Equilibrista, _bConsejo Nacional para la Cultura y las Artes, _c1996. |
||
| 300 |
_a126, [4] p. ; _c22 cm. |
||
| 490 | 1 | _aHora actual. | |
| 650 | 4 |
_aNovela mexicana _93959 |
|
| 650 | 4 |
_aLiteratura mexicana _91922 |
|
| 650 | 4 |
_aMuerte _xNovela _911150 |
|
| 710 | 2 |
_aConsejo Nacional para la Cultura y las Artes _947134 |
|
| 730 | 1 |
_aEfecto invernadero. _947135 |
|
| 830 | 0 |
_aHora actual. _922685 |
|
| 049 | _aBNGR | ||
| 999 |
_c22422 _d22422 |
||